| 000 | 00329nam a2200121Ia 4500 | ||
|---|---|---|---|
| 008 | 220204s9999 xx 000 0 und d | ||
| 082 |
_a547 _bFER |
||
| 100 | _aFerguson, Lloyd N | ||
| 245 | 0 | _aModern structural theory of organic chemistry | |
| 260 |
_aNew Delhi _bPrentice Hall _c1963 |
||
| 650 | _aOrganic chemistry | ||
| 942 | _cBK | ||
| 999 |
_c20908 _d20908 |
||